=LDR 00000nam 2200000 4500 =001 INLIS000000000014115 =005 20130612105417 =008 ***********************************Ind** =035 ##$$0010-061300000014115 =041 ##$$a Ind =082 ##$$a 491.2 =090 ##$$a 491.2, Sur k =100 ##$$a Suroyudo, Y. Agustirto =245 ##$$a Kamus sanskerta Indonesia, Untaian catursahasra kosakata, Y.Agustirto Suroyudo =260 ##$$a 1998 $b Jakarta =300 ##$$a xviii, 133 hlm, 21 cm =650 ##$$a Sanskerta - Kamus =850 ##$$a NBPNMAT